The Glory that was Gūrjaradeśa, (Record no. 77378)

MARC details
000 -LEADER
fixed length control field 01116cam a22002771 4500
001 - CONTROL NUMBER
control field sa 68000671
003 - CONTROL NUMBER IDENTIFIER
control field DLC
005 - DATE AND TIME OF LATEST TRANSACTION
control field 20260227112426.0
008 - FIXED-LENGTH DATA ELEMENTS--GENERAL INFORMATION
fixed length control field 710901m19439999ii abj b 000 0 eng
010 ## - LIBRARY OF CONGRESS CONTROL NUMBER
LC control number sa 68000671
040 ## - CATALOGING SOURCE
Original cataloging agency DLC
Transcribing agency DLC
Modifying agency DLC
043 ## - GEOGRAPHIC AREA CODE
Geographic area code a-ii---
050 00 - LIBRARY OF CONGRESS CALL NUMBER
Classification number DS485.G8
Item number G55
245 04 - TITLE STATEMENT
Title The Glory that was Gūrjaradeśa,
Statement of responsibility, etc. edited by K. M. Munshi.
260 ## - PUBLICATION, DISTRIBUTION, ETC.
Place of publication, distribution, etc. Bombay,
Name of publisher, distributor, etc. Bharatiya Vidya Bhavan,
Date of publication, distribution, etc. 1943-
300 ## - PHYSICAL DESCRIPTION
Extent v.
Other physical details illus., geneal. tables, maps (part fold.)
Dimensions 25 cm.
490 1# - SERIES STATEMENT
Series statement v. 3 has series: Bharatiya Vidya memoirs, no. 3.
500 ## - GENERAL NOTE
General note "The Mularaja Solanki millennial celebration volume."
504 ## - BIBLIOGRAPHY, ETC. NOTE
Bibliography, etc. note Bibliographical references included in "List of abbreviations": pt. 1, p. [xiii]-xiv; pt. 3, p. [xi]-xii.
505 0# - FORMATTED CONTENTS NOTE
Formatted contents note pt. 1. The pre-historic west coast. --pt. 3. The Imperial Gūrjaras. 1st ed.
651 #0 - SUBJECT ADDED ENTRY--GEOGRAPHIC NAME
Geographic name Gujarat (India)
General subdivision History.
651 #0 - SUBJECT ADDED ENTRY--GEOGRAPHIC NAME
Geographic name Gujarat (India)
General subdivision Civilization.
700 0# - ADDED ENTRY--PERSONAL NAME
Personal name Mularaja Solanki,
Titles and other words associated with a name King of Gujarat,
Dates associated with a name active 942-997.
700 1# - ADDED ENTRY--PERSONAL NAME
Personal name Munshi, Kanaiyalal Maneklal,
Dates associated with a name 1887-1971.
810 2# - SERIES ADDED ENTRY--CORPORATE NAME
Corporate name or jurisdiction name as entry element Bharatiya Vidya Bhavan.
Title of a work Memoirs,
Volume/sequential designation no. 3

No items available.

Powered by Koha